000 00173 a2200097 4500
020 _a0545027063
041 _aeng
100 _aLynn Maslen
245 _aThe Game
942 _cK
999 _c26086
_d26086